Du ký

Đã lưu trong:
Sonraí Bibleagrafaíochta
Príomhúdar: Phan, Quang
Formáid: Leabhar
Teanga:Undetermined
Foilsithe: Hà Nội Văn Học 2005
Ábhair:
Clibeanna: Cuir Clib Leis
Gan Chlibeanna, Bí ar an gcéad duine leis an taifead seo a chlibeáil!
Thư viện lưu trữ: Trung tâm Học liệu Trường Đại học Cần Thơ
LEADER 00472nam a2200193Ia 4500
001 CTU_93631
008 210402s9999 xx 000 0 und d
020 |c 58000 
082 |a 895.922803 
082 |b Qu106 
100 |a Phan, Quang 
245 0 |a Du ký 
245 0 |c Phan Quang 
260 |a Hà Nội 
260 |b Văn Học 
260 |c 2005 
650 |a Vietnam literature 
904 |i Mai Loan 
980 |a Trung tâm Học liệu Trường Đại học Cần Thơ